| 000 | 00478nam a2200157 a 4500 | ||
|---|---|---|---|
| 001 | 000008349 | ||
| 005 | 20200929161330.0 | ||
| 008 | 090916s1937 dr c 000 0 spa d | ||
| 040 |
_aDO-SdBNP _bspa _cBNPHU |
||
| 082 |
_axxxx _bM844t |
||
| 100 | 1 |
_aMorera, José _922544 |
|
| 245 | 1 | 0 |
_aTrujillo en la poesía como motivo inspirador / _cJosé Morera. |
| 260 |
_aSantiago de los Caballeros, República Dominicana : _bEl diario, _c1937. |
||
| 300 |
_a73 p. ; _c19 cm. |
||
| 049 | _aBNPD | ||
| 999 |
_c8120 _d8120 |
||